000
00279nam a2200133Ia 4500
100
_a
Devignon/B.
942
_c
BK
654
_a
C- Programming
245
_a
Unix C- Programming
260
_b
Galgotia Pub.
_a
NEW DELHI
_c
1992
300
_a
429
546
_a
ENGLISH
999
_c
24429
_d
24429